[Event "Titled Tuesday intern op 27th Aug Early"]
[Site "Chess.com INT"]
[Date "2024.08.27"]
[Round "2"]
[White "Goltsev, Dmitry"]
[Black "Sadykov, Ramil"]
[Result "0-1"]
[WhiteElo "2215"]
[BlackElo "2274"]
[PlyCount "104"]
[EventDate "2024.08.27"]
[EventType "swiss (blitz)"]
[EventRounds "11"]
[EventCountry "USA"]
[SourceTitle "EXT 2025"]
[Source "ChessBase"]
[SourceDate "2024.10.14"]
[SourceVersion "1"]
[SourceVersionDate "2024.10.14"]
[SourceQuality "1"]

1. e4 e5 2. Nf3 Nc6 3. Bb5 Nf6 4. 0-0 Nxe4 5. d4 Nd6 6. Bxc6 dxc6 7. dxe5 Nf5 8. Qxd8+ Kxd8 9. Bg5+ Be7 10. Rd1+ Ke8 11. Nc3 Bxg5 12. Nxg5 h6 13. Nge4 Ke7 14. Rd2 b6 15. Rad1 Be6 16. b3 a5 17. a4 Rhd8 18. Ne2 Rxd2 19. Rxd2 g5 20. g3 c5 21. c4 Rd8 22. Rxd8 Kxd8 23. f3 Nd4 24. Nxd4 cxd4 25. Kf2 Bf5 26. Nd2 Ke7 27. f4 gxf4 28. gxf4 f6 29. exf6+ Kxf6 30. c5 bxc5 31. Nc4 Bc2 32. Nxa5 Kf5 33. Nb7 c4 34. bxc4 Bxa4 35. Nc5 Bc2 36. Kf3 Bd1+ 37. Kg3 Be2 38. Nb3 Ke4 39. Nc5+ Ke3 40. f5 Bxc4 41. Kh4 d3 42. Na4 d2 43. Nb2 Bf7 44. Kg4 c5 45. f6 c4 46. Kf5 c3 47. Nd1+ Kd4 48. Nf2 c2 49. Ng4 d1Q 50. Nxh6 Qf3+ 51. Kg5 c1Q+ 52. Kh4 Qxh6# 0-1

[Event "Titled Tuesday intern op 20th Aug Early"]
[Site "Chess.com INT"]
[Date "2024.08.20"]
[Round "4"]
[White "Sadykov, Ramil"]
[Black "Adamovics, Aleksejs"]
[Result "0-1"]
[WhiteElo "2274"]
[BlackElo "2112"]
[PlyCount "70"]
[EventDate "2024.08.20"]
[EventType "swiss (blitz)"]
[EventRounds "11"]
[EventCountry "USA"]
[SourceTitle "EXT 2025"]
[Source "ChessBase"]
[SourceDate "2024.10.14"]
[SourceVersion "1"]
[SourceVersionDate "2024.10.14"]
[SourceQuality "1"]

1. a3 e5 2. c4 g6 3. b4 Bg7 4. Bb2 Ne7 5. Nf3 d6 6. d4 exd4 7. Bxd4 0-0 8. Bxg7 Kxg7 9. Nc3 Be6 10. e3 Kg8 11. Be2 Nbc6 12. Nd4 Nxd4 13. exd4 d5 14. c5 c6 15. 0-0 Nf5 16. Qd2 Qf6 17. Rad1 h5 18. Rfe1 h4 19. b5 h3 20. g3 Rfe8 21. Bf1 Ng7 22. a4 Bg4 23. Rxe8+ Rxe8 24. Rb1 Nf5 25. Rb4 Kg7 26. a5 Qd8 27. a6 bxa6 28. bxc6 Qc7 29. Qf4 Qa5 30. Nxd5 Be2 31. Bxe2 Rxe2 32. Qc1 Qa2 33. Qf1 Qxd5 34. c7 Re1 35. f3 Qxf3 0-1

[Event "Titled Tuesday intern op 30th Jul Early"]
[Site "Chess.com INT"]
[Date "2024.07.30"]
[Round "6"]
[White "Moroni, Luca Jr"]
[Black "Sadykov, Ramil"]
[Result "1-0"]
[WhiteElo "2558"]
[BlackElo "2313"]
[PlyCount "97"]
[EventDate "2024.07.30"]
[EventType "swiss (blitz)"]
[EventRounds "11"]
[EventCountry "USA"]
[SourceTitle "EXT 2025"]
[Source "ChessBase"]
[SourceDate "2024.10.14"]
[SourceVersion "1"]
[SourceVersionDate "2024.10.14"]
[SourceQuality "1"]

1. d4 d5 2. Bf4 Nf6 3. e3 e6 4. Nf3 Bd6 5. Nbd2 Bxf4 6. exf4 c5 7. dxc5 Qa5 8. c3 Qxc5 9. Bd3 0-0 10. 0-0 b6 11. Qe2 a5 12. Nb3 Qd6 13. Ne5 Ba6 14. Bxa6 Nxa6 15. Nd4 Nc5 16. Rad1 Rfd8 17. Rfe1 g6 18. h4 h5 19. g3 Kg7 20. Kg2 a4 21. a3 Qc7 22. f3 Re8 23. Qb5 Ncd7 24. Ndc6 Nxe5 25. Nxe5 Ra5 26. Qe2 Rc5 27. Nd3 Rc6 28. Nb4 Rd6 29. Nc2 Qc5 30. Nd4 Nd7 31. Qb5 Qxb5 32. Nxb5 Rc6 33. Rxd5 Nc5 34. Rd2 Re7 35. Red1 Kf6 36. Rd8 e5 37. R1d6+ Rxd6 38. Rxd6+ Kg7 39. Rxb6 exf4 40. Nd4 fxg3 41. Kxg3 Re1 42. Rb4 Nd3 43. Rxa4 Rg1+ 44. Kh2 Rb1 45. b4 Rc1 46. Ra7 Rxc3 47. Ne6+ Kf6 48. Ng5 Ne5 49. Ne4+ 1-0

[Event "Titled Tuesday intern op 30th Jul Early"]
[Site "Chess.com INT"]
[Date "2024.07.30"]
[Round "2"]
[White "Santos Latasa, Jaime"]
[Black "Sadykov, Ramil"]
[Result "1-0"]
[WhiteElo "2631"]
[BlackElo "2313"]
[PlyCount "71"]
[EventDate "2024.07.30"]
[EventType "swiss (blitz)"]
[EventRounds "11"]
[EventCountry "USA"]
[SourceTitle "EXT 2025"]
[Source "ChessBase"]
[SourceDate "2024.10.14"]
[SourceVersion "1"]
[SourceVersionDate "2024.10.14"]
[SourceQuality "1"]

1. Nf3 Nf6 2. c4 e6 3. b3 d5 4. Bb2 dxc4 5. bxc4 c5 6. g3 b6 7. Bg2 Bb7 8. 0-0 Be7 9. Qa4+ Bc6 10. Qb3 0-0 11. Rd1 Nbd7 12. Nc3 Qc8 13. a4 Rb8 14. Qc2 a6 15. Rab1 Rd8 16. Ba1 Qc7 17. d3 Bf8 18. e3 g6 19. Qe2 Bg7 20. d4 cxd4 21. exd4 Bb7 22. Rbc1 Rbc8 23. Nb1 b5 24. axb5 axb5 25. c5 Bc6 26. Nc3 Rb8 27. d5 Nxd5 28. Nxd5 Bxd5 29. Bxg7 Kxg7 30. c6 Nf6 31. Qb2 Bxc6 32. Rxd8 Rxd8 33. Ne5 Qd6 34. Nxc6 Rc8 35. Qxb5 Nd5 36. Qb2+ 1-0

[Event "Titled Tuesday intern op 23rd Jul Early"]
[Site "Chess.com INT"]
[Date "2024.07.23"]
[Round "5"]
[White "Idani, Pouya"]
[Black "Sadykov, Ramil"]
[Result "1-0"]
[WhiteElo "2595"]
[BlackElo "2313"]
[PlyCount "53"]
[EventDate "2024.07.23"]
[EventType "swiss (blitz)"]
[EventRounds "11"]
[EventCountry "USA"]
[SourceTitle "EXT 2025"]
[Source "ChessBase"]
[SourceDate "2024.10.14"]
[SourceVersion "1"]
[SourceVersionDate "2024.10.14"]
[SourceQuality "1"]

1. e4 c5 2. Nf3 d6 3. Bb5+ Bd7 4. Bxd7+ Qxd7 5. c4 Nf6 6. Nc3 g6 7. d4 cxd4 8. Qxd4 Bg7 9. 0-0 Nc6 10. Qd3 0-0 11. Bd2 Rfc8 12. h3 a6 13. Rac1 b5 14. cxb5 axb5 15. Qxb5 Rcb8 16. Qd3 Rxb2 17. Rb1 Rxb1 18. Rxb1 e6 19. Rb6 d5 20. exd5 Nxd5 21. Nxd5 exd5 22. Qb5 Rc8 23. a4 d4 24. a5 d3 25. a6 h6 26. Rb7 Rc7 27. a7 1-0

[Event "Titled Tuesday intern op 23rd Jul Early"]
[Site "Chess.com INT"]
[Date "2024.07.23"]
[Round "1"]
[White "Sadykov, Ramil"]
[Black "Exposito Milan, Adrian"]
[Result "1-0"]
[WhiteElo "2313"]
[BlackElo "2276"]
[PlyCount "143"]
[EventDate "2024.07.23"]
[EventType "swiss (blitz)"]
[EventRounds "11"]
[EventCountry "USA"]
[SourceTitle "EXT 2025"]
[Source "ChessBase"]
[SourceDate "2024.10.14"]
[SourceVersion "1"]
[SourceVersionDate "2024.10.14"]
[SourceQuality "1"]

1. e4 c5 2. Nf3 g6 3. d4 cxd4 4. Nxd4 Nc6 5. c4 Nf6 6. Nc3 d6 7. Be2 Nxd4 8. Qxd4 Bg7 9. Be3 0-0 10. Qd3 a5 11. 0-0 a4 12. Rac1 Qa5 13. f3 Be6 14. Rfd1 Rfc8 15. Nb5 Nd7 16. Qd2 Ne5 17. Qxa5 Rxa5 18. Na3 Nc6 19. Rd2 Nb4 20. Ra1 Raa8 21. Kf2 h5 22. Bd4 Bh6 23. Be3 Bg7 24. Bd4 Bxd4+ 25. Rxd4 Nc6 26. Rd2 Ne5 27. Rc2 f5 28. exf5 Bxf5 29. Rc3 Rc5 30. Rac1 Rac8 31. Nb5 Be6 32. b3 axb3 33. axb3 Nc6 34. Re3 Kf7 35. Bd3 Ne5 36. Rce1 Nxd3+ 37. Rxd3 Bd7 38. Nc3 Bc6 39. Rde3 Rc7 40. f4 Rf5 41. g3 e5 42. Ne2 exf4 43. gxf4 Kg7 44. Kg3 Rcf7 45. Nd4 Rxf4 46. Ne6+ Kh6 47. Nxf4 g5 48. Re6+ Kg7 49. Nxh5+ Kf8 50. Rf6 Kg8 51. Rxf7 Kxf7 52. h4 Kg6 53. hxg5 Kxh5 54. Kf4 Kg6 55. Re6+ Kf7 56. Rxd6 Bg2 57. b4 Bc6 58. b5 Bh1 59. c5 Kg7 60. c6 bxc6 61. bxc6 Kf7 62. c7 Bb7 63. Rd8 Ke7 64. c8Q Bxc8 65. Rxc8 Kf7 66. Rc6 Kg7 67. Kf5 Kg8 68. Rc7 Kf8 69. Ke6 Kg8 70. Kf6 Kh8 71. g6 Kg8 72. Rc8# 1-0

[Event "Titled Tuesday intern op 23rd Jul Early"]
[Site "Chess.com INT"]
[Date "2024.07.23"]
[Round "9"]
[White "Sadykov, Ramil"]
[Black "Shirov, Alexei"]
[Result "0-1"]
[WhiteElo "2313"]
[BlackElo "2665"]
[PlyCount "108"]
[EventDate "2024.07.23"]
[EventType "swiss (blitz)"]
[EventRounds "11"]
[EventCountry "USA"]
[SourceTitle "EXT 2025"]
[Source "ChessBase"]
[SourceDate "2024.10.14"]
[SourceVersion "1"]
[SourceVersionDate "2024.10.14"]
[SourceQuality "1"]

1. e4 e5 2. Nf3 Nc6 3. Nc3 Nf6 4. Bb5 Nd4 5. Nxd4 exd4 6. e5 dxc3 7. exf6 Qxf6 8. dxc3 Bc5 9. Qe2+ Qe7 10. Qxe7+ Kxe7 11. 0-0 d6 12. Re1+ Kf6 13. Be3 Bf5 14. Bd3 Rhe8 15. Bxc5 dxc5 16. Bxf5 Kxf5 17. Kf1 Kf6 18. Rad1 Rxe1+ 19. Kxe1 Ke6 20. Ke2 a5 21. a4 c6 22. c4 Rb8 23. b3 h5 24. h4 f6 25. Kf3 g5 26. g3 gxh4 27. gxh4 Rg8 28. Re1+ Kd6 29. Rd1+ Kc7 30. Re1 Rg7 31. Re6 Rg4 32. Re4 Rg1 33. Kf4 Rc1 34. Re2 Rh1 35. Kf5 Rxh4 36. Kxf6 Rg4 37. Kf5 Rg2 38. Kf4 h4 39. Kf3 Rg7 40. Re4 Rf7+ 41. Kg2 h3+ 42. Kxh3 Rxf2 43. Kg3 Rxc2 44. Re3 b5 45. cxb5 cxb5 46. axb5 Kb6 47. Kf4 Kxb5 48. Ke4 Kb4 49. Kd5 Rd2+ 50. Kc6 a4 51. bxa4 c4 52. a5 Ra2 53. Kb6 Rxa5 54. Rh3 Rg5 0-1

[Event "Titled Tuesday intern op 23rd Jul Early"]
[Site "Chess.com INT"]
[Date "2024.07.23"]
[Round "11"]
[White "Sipahioglu, Irmak"]
[Black "Sadykov, Ramil"]
[Result "0-1"]
[WhiteElo "2061"]
[BlackElo "2313"]
[PlyCount "66"]
[EventDate "2024.07.23"]
[EventType "swiss (blitz)"]
[EventRounds "11"]
[EventCountry "USA"]
[SourceTitle "EXT 2025"]
[Source "ChessBase"]
[SourceDate "2024.10.14"]
[SourceVersion "1"]
[SourceVersionDate "2024.10.14"]
[SourceQuality "1"]

1. d4 Nf6 2. c4 e6 3. Nf3 d5 4. cxd5 exd5 5. Nc3 c6 6. Bg5 Be7 7. e3 Bf5 8. Bd3 Bxd3 9. Qxd3 0-0 10. 0-0 Re8 11. Rab1 a5 12. a3 Ne4 13. Bxe7 Qxe7 14. Rfc1 Nd7 15. Nd2 Nd6 16. Na4 b5 17. Nc5 a4 18. Nxd7 Qxd7 19. Rc5 Reb8 20. e4 dxe4 21. Nxe4 Nc4 22. Rh5 Qe6 23. Rxh7 Qf5 24. Rh3 Re8 25. Re1 Rad8 26. Re2 g6 27. Rf3 Ne5 28. Rxf5 Nxd3 29. Nf6+ Kf8 30. Rxe8+ Rxe8 31. Nxe8 gxf5 32. Nd6 Nxb2 33. Nxf5 Nc4 0-1

[Event "TUR-chT 2nd League"]
[Site "Denizli"]
[Date "2024.07.21"]
[Round "9.6"]
[White "Yaran, Siar"]
[Black "Sadykov, Ramil"]
[Result "1-0"]
[WhiteElo "2272"]
[BlackElo "2313"]
[PlyCount "51"]
[EventDate "2024.07.15"]
[EventType "team-swiss"]
[EventRounds "9"]
[EventCountry "TUR"]
[SourceTitle "EXT 2025"]
[Source "ChessBase"]
[SourceDate "2024.10.14"]
[SourceVersion "1"]
[SourceVersionDate "2024.10.14"]
[SourceQuality "1"]
[WhiteTeam "Sakarya Satranc"]
[BlackTeam "Eskiseh Tasci"]
[WhiteTeamCountry "TUR"]
[BlackTeamCountry "TUR"]

1. e4 e6 2. d4 d5 3. exd5 exd5 4. c4 Nf6 5. Nc3 Be7 6. Bd3 dxc4 7. Bxc4 0-0 8. h3 Nbd7 9. Nf3 Nb6 10. Bb3 c5 11. 0-0 c4 12. Bc2 Be6 13. Re1 Rc8 14. Ng5 Bd5 15. Bf4 Re8 16. Re3 h6 17. h4 Rc6 18. Qe2 hxg5 19. hxg5 Nfd7 20. Re1 Re6 21. Bh7+ Kf8 22. Qh5 Rxe3 23. Rxe3 Bb4 24. Be4 Rxe4 25. Qh8+ Ke7 26. Nxd5+ 1-0

[Event "TUR-chT 2nd League"]
[Site "Denizli"]
[Date "2024.07.19"]
[Round "7.7"]
[White "Can, Melih Kaan"]
[Black "Sadykov, Ramil"]
[Result "1-0"]
[WhiteElo "2141"]
[BlackElo "2313"]
[PlyCount "37"]
[EventDate "2024.07.15"]
[EventType "team-swiss"]
[EventRounds "9"]
[EventCountry "TUR"]
[SourceTitle "EXT 2025"]
[Source "ChessBase"]
[SourceDate "2024.10.14"]
[SourceVersion "1"]
[SourceVersionDate "2024.10.14"]
[SourceQuality "1"]
[WhiteTeam "Trabzon Feda"]
[BlackTeam "Eskiseh Tasci"]
[WhiteTeamCountry "TUR"]
[BlackTeamCountry "TUR"]

1. d4 g6 2. c4 Bg7 3. Nc3 c5 4. d5 Bxc3+ 5. bxc3 d6 6. e4 e5 7. dxe6 Bxe6 8. Nf3 Nc6 9. Rb1 Qe7 10. Bd3 Nf6 11. 0-0 h6 12. Qa4 Kf8 13. Re1 Rd8 14. Nd2 g5 15. Nf1 Ne5 16. Bc2 Bxc4 17. Qxa7 b5 18. Qa5 Kg7 19. Ne3 1-0

[Event "TUR-chT 2nd League"]
[Site "Denizli"]
[Date "2024.07.17"]
[Round "4.5"]
[White "Sadykov, Ramil"]
[Black "Amini, Amer"]
[Result "1-0"]
[WhiteElo "2313"]
[BlackElo "2175"]
[PlyCount "39"]
[EventDate "2024.07.15"]
[EventType "team-swiss"]
[EventRounds "9"]
[EventCountry "TUR"]
[SourceTitle "EXT 2025"]
[Source "ChessBase"]
[SourceDate "2024.10.14"]
[SourceVersion "1"]
[SourceVersionDate "2024.10.14"]
[SourceQuality "1"]
[WhiteTeam "Eskiseh Tasci"]
[BlackTeam "Sisli"]
[WhiteTeamCountry "TUR"]
[BlackTeamCountry "TUR"]

1. d4 Nf6 2. Bf4 b6 3. Nf3 Bb7 4. e3 e6 5. Nbd2 c5 6. Bd3 d5 7. c3 Be7 8. Ne5 a6 9. Qf3 Nc6 10. h4 Bd6 11. h5 Bxe5 12. dxe5 Nd7 13. Qg3 Qc7 14. Nf3 Kf8 15. Rh4 Ne7 16. Rg4 c4 17. Bc2 Nc5 18. Rxg7 Ne4 19. Bxe4 dxe4 20. Ng5 1-0

[Event "Titled Tuesday intern op 09th Jul Early"]
[Site "Chess.com INT"]
[Date "2024.07.09"]
[Round "7"]
[White "Radhakrishnan, Sharath"]
[Black "Sadykov, Ramil"]
[Result "0-1"]
[WhiteElo "2033"]
[BlackElo "2313"]
[PlyCount "112"]
[EventDate "2024.07.09"]
[EventType "swiss (blitz)"]
[EventRounds "11"]
[EventCountry "USA"]
[SourceTitle "EXT 2025"]
[Source "ChessBase"]
[SourceDate "2024.10.14"]
[SourceVersion "1"]
[SourceVersionDate "2024.10.14"]
[SourceQuality "1"]

1. e4 d6 2. d4 Nc6 3. Nf3 Bg4 4. Be3 Nf6 5. Nc3 g6 6. h3 Bxf3 7. Qxf3 e5 8. d5 Nd4 9. Bxd4 exd4 10. Ne2 Qe7 11. Nxd4 Qxe4+ 12. Qxe4+ Nxe4 13. Bb5+ Kd8 14. 0-0 Bg7 15. Rad1 a6 16. Ba4 Nc5 17. Bb3 Nxb3 18. axb3 Re8 19. c3 Kd7 20. Rd2 Re5 21. Nf3 Re7 22. Re1 Rxe1+ 23. Nxe1 a5 24. Kf1 a4 25. bxa4 Rxa4 26. Nf3 Bf6 27. Ke2 h5 28. Ne1 c6 29. dxc6+ bxc6 30. Nc2 d5 31. Ne3 Ke6 32. g3 g5 33. g4 h4 34. Kf3 Ra1 35. Kg2 Be5 36. Re2 f6 37. Nc2 Rb1 38. Nd4+ Kd7 39. Nf3 Kd6 40. Nd2 Rd1 41. Nb3 c5 42. Na5 Rb1 43. Nb3 d4 44. cxd4 cxd4 45. Nd2 Rc1 46. Ne4+ Kd5 47. f3 d3 48. Rd2 Kd4 49. Nf2 Rc2 50. Rxd3+ Kc4 51. b3+ Kb4 52. Kg1 Bc7 53. Ne4 Be5 54. Kh1 Re2 55. Kg1 Rb2 56. Re3 Bd4 0-1

[Event "Titled Tuesday intern op 09th Jul Early"]
[Site "Chess.com INT"]
[Date "2024.07.09"]
[Round "11"]
[White "Sadykov, Ramil"]
[Black "Goncalves, Samuel Jesus P"]
[Result "1/2-1/2"]
[WhiteElo "2313"]
[BlackElo "2209"]
[PlyCount "174"]
[EventDate "2024.07.09"]
[EventType "swiss (blitz)"]
[EventRounds "11"]
[EventCountry "USA"]
[SourceTitle "EXT 2025"]
[Source "ChessBase"]
[SourceDate "2024.10.14"]
[SourceVersion "1"]
[SourceVersionDate "2024.10.14"]
[SourceQuality "1"]

1. d4 g6 2. e4 Bg7 3. Nc3 d5 4. exd5 Nf6 5. Bb5+ Nbd7 6. Nge2 0-0 7. Bxd7 Qxd7 8. Nf4 b5 9. a3 Bb7 10. 0-0 Nxd5 11. Nfxd5 Bxd5 12. Nxd5 Qxd5 13. c3 Rfd8 14. Qe2 e6 15. Bf4 c5 16. Qxb5 cxd4 17. Qxd5 Rxd5 18. c4 Rc5 19. Rfc1 Rac8 20. b3 e5 21. Bd2 f5 22. Kf1 e4 23. Ra2 Kf7 24. Rac2 Ke6 25. b4 R5c6 26. b5 R6c7 27. Ba5 Rb7 28. a4 a6 29. c5 axb5 30. c6 Ra7 31. Bb6 Rxa4 32. c7 d3 33. Rc6+ Kd7 34. R6c5 Rc4 35. R1xc4 bxc4 36. Rxc4 Be5 37. f3 Bxc7 38. Bxc7 Rxc7 39. Rd4+ Ke6 40. fxe4 Ke5 41. Rxd3 Kxe4 42. Ra3 Rc1+ 43. Kf2 Rc2+ 44. Kg1 h5 45. h4 Kf4 46. Kh2 Kg4 47. Ra4+ f4 48. Ra6 f3 49. Rxg6+ Kxh4 50. Kg1 Rc1+ 51. Kf2 Rc2+ 52. Kxf3 Rc3+ 53. Kf4 Rc4+ 54. Kf3 Rg4 55. Rxg4+ hxg4+ 56. Kf4 Kh5 57. g3 Kh6 58. Kf5 Kh5 59. Kf6 Kh6 60. Ke5 Kg5 61. Ke6 Kg6 62. Ke5 Kg5 63. Ke4 Kg6 64. Kf4 Kf6 65. Kxg4 Kg6 66. Kh4 Kh6 67. g4 Kg6 68. g5 Kg7 69. Kh5 Kh7 70. Kg4 Kg6 71. Kf4 Kg7 72. Kf5 Kf7 73. g6+ Kg7 74. Kg5 Kg8 75. Kg4 Kg7 76. Kf5 Kg8 77. Ke6 Kg7 78. Kf5 Kg8 79. Kg5 Kg7 80. Kh5 Kg8 81. Kh6 Kh8 82. Kg5 Kg7 83. Kh5 Kg8 84. Kh4 Kg7 85. Kg5 Kg8 86. Kg4 Kg7 87. Kf4 Kxg6 1/2-1/2

[Event "Titled Tuesday intern op 25th Jun Early"]
[Site "Chess.com INT"]
[Date "2024.06.25"]
[Round "5"]
[White "Kucuksari, Kaan"]
[Black "Sadykov, Ramil"]
[Result "1/2-1/2"]
[WhiteElo "2465"]
[BlackElo "2313"]
[PlyCount "180"]
[EventDate "2024.06.25"]
[EventType "swiss (blitz)"]
[EventRounds "11"]
[EventCountry "USA"]
[SourceTitle "EXT 2025"]
[Source "ChessBase"]
[SourceDate "2024.10.14"]
[SourceVersion "1"]
[SourceVersionDate "2024.10.14"]
[SourceQuality "1"]

1. d4 d5 2. c4 e6 3. Nc3 Be7 4. cxd5 exd5 5. Bf4 c6 6. e3 Nf6 7. Bd3 0-0 8. h3 Re8 9. Nge2 Na6 10. a3 Nc7 11. 0-0 a5 12. Qc2 Ne6 13. Be5 g6 14. Rad1 Ng7 15. Ng3 Nd7 16. f4 f6 17. e4 fxe5 18. dxe5 Bh4 19. Nge2 Nc5 20. exd5 Nxd3 21. Qxd3 cxd5 22. Nxd5 Be6 23. Qb5 Bxd5 24. Rxd5 Qc8 25. Nc3 Qc6 26. Ne4 Qxb5 27. Rxb5 Ne6 28. Rxb7 Reb8 29. Rxb8+ Rxb8 30. g3 Be7 31. Rf2 Nc5 32. Nc3 Nd3 33. Rd2 Nxb2 34. Nd5 Bxa3 35. Nf6+ Kf7 36. Rd7+ Be7 37. Ra7 Ke6 38. Ra6+ Kf5 39. Rxa5 Bxf6 40. g4+ Ke6 41. Ra6+ Ke7 42. exf6+ Kf7 43. g5 Rb7 44. Rc6 Nd3 45. Rc4 Nb4 46. Kf2 Nd5 47. Kf3 Nxf6 48. gxf6 Kxf6 49. Kg4 Kg7 50. Kg5 Rb5+ 51. Kg4 Rb6 52. Rc7+ Kg8 53. Kg5 Rb5+ 54. Kg4 Rf5 55. Rb7 Rf7 56. Rb6 Kg7 57. h4 Rf5 58. Rc6 h5+ 59. Kg3 Rb5 60. Rc3 Kf6 61. Rd3 Kf5 62. Re3 Rc5 63. Rd3 Rc4 64. Rd5+ Kf6 65. Re5 Rc3+ 66. Kg2 Rd3 67. Kf2 Rh3 68. Ra5 Rxh4 69. Kf3 Rh3+ 70. Ke4 Rh1 71. Ra6+ Kg7 72. Rb6 Re1+ 73. Kf3 Rf1+ 74. Kg3 Rd1 75. Rb5 Rd3+ 76. Kg2 Re3 77. Kf2 Rd3 78. Kg2 Kh6 79. Kf2 h4 80. Rb8 Kh5 81. Rb5+ Kg4 82. Rg5+ Kxf4 83. Rxg6 Rd2+ 84. Kg1 h3 85. Kh1 Kf3 86. Rg8 Rc2 87. Rg7 Rd2 88. Rg8 Rc2 89. Rd8 Kg3 90. Rg8+ Kf3 1/2-1/2

[Event "Titled Tuesday intern op 18th Jun Early"]
[Site "Chess.com INT"]
[Date "2024.06.18"]
[Round "3"]
[White "Leschinsky, Gary"]
[Black "Sadykov, Ramil"]
[Result "1-0"]
[WhiteElo "1992"]
[BlackElo "2313"]
[PlyCount "67"]
[EventDate "2024.06.18"]
[EventType "swiss (blitz)"]
[EventRounds "11"]
[EventCountry "USA"]
[SourceTitle "EXT 2025"]
[Source "ChessBase"]
[SourceDate "2024.10.14"]
[SourceVersion "1"]
[SourceVersionDate "2024.10.14"]
[SourceQuality "1"]

1. Nf3 Nf6 2. g3 b6 3. Bg2 Bb7 4. 0-0 c5 5. c4 g6 6. Nc3 Bg7 7. d3 0-0 8. e4 Nc6 9. Be3 Ng4 10. Bg5 d6 11. h3 Nge5 12. Qd2 Nxf3+ 13. Bxf3 Nd4 14. Bg2 a6 15. h4 h5 16. Nd5 f6 17. Be3 Nc6 18. Nf4 Kf7 19. e5 dxe5 20. Bd5+ Ke8 21. Ne6 Qd6 22. Nxg7+ Kd7 23. Ne6 Rfe8 24. a3 Na5 25. b4 Nb3 26. Qb2 Bxd5 27. cxd5 Nxa1 28. bxc5 Qxd5 29. Qxb6 Reb8 30. c6+ Ke8 31. Nc7+ Kf7 32. Nxd5 Rxb6 33. Nxb6 Rb8 34. c7 1-0

[Event "Titled Tuesday intern op 04th Jun Early"]
[Site "Chess.com INT"]
[Date "2024.06.04"]
[Round "7"]
[White "Chen, Ryo"]
[Black "Sadykov, Ramil"]
[Result "0-1"]
[WhiteElo "2374"]
[BlackElo "2313"]
[PlyCount "80"]
[EventDate "2024.06.04"]
[EventType "swiss (blitz)"]
[EventRounds "11"]
[EventCountry "USA"]
[SourceTitle "EXT 2025"]
[Source "ChessBase"]
[SourceDate "2024.10.14"]
[SourceVersion "1"]
[SourceVersionDate "2024.10.14"]
[SourceQuality "1"]

1. e4 e5 2. Nf3 Nc6 3. g3 Nf6 4. d3 d5 5. exd5 Nxd5 6. Bg2 Bg4 7. 0-0 Qd7 8. Nc3 Nb6 9. Re1 0-0-0 10. a4 a5 11. Nb5 f6 12. Bd2 g5 13. Re4 h5 14. Qf1 Bf5 15. Ree1 h4 16. Bc3 hxg3 17. hxg3 Bc5 18. Rad1 Nxa4 19. d4 Nxc3 20. bxc3 exd4 21. Nbxd4 Bxd4 22. cxd4 Bh3 23. d5 Bxg2 24. Qxg2 Nb4 25. c4 Rde8 26. Nd4 Rxe1+ 27. Rxe1 Kb8 28. Rb1 Re8 29. Ne6 Qh7 30. Ra1 Qc2 31. Rxa5 Qxc4 32. Qf3 Rh8 33. Qa3 Na6 34. d6 Qxe6 35. dxc7+ Nxc7 36. Qa1 Qe4 37. f3 Qxf3 38. Ra8+ Nxa8 39. Qa7+ Kxa7 40. g4 Rh1# 0-1

[Event "Titled Tuesday intern op 04th Jun Early"]
[Site "Chess.com INT"]
[Date "2024.06.04"]
[Round "2"]
[White "Ibarra Jerez, Jose Carlos"]
[Black "Sadykov, Ramil"]
[Result "1-0"]
[WhiteElo "2559"]
[BlackElo "2313"]
[PlyCount "77"]
[EventDate "2024.06.04"]
[EventType "swiss (blitz)"]
[EventRounds "11"]
[EventCountry "USA"]
[SourceTitle "EXT 2025"]
[Source "ChessBase"]
[SourceDate "2024.10.14"]
[SourceVersion "1"]
[SourceVersionDate "2024.10.14"]
[SourceQuality "1"]

1. e4 e5 2. Nf3 Nc6 3. d4 exd4 4. Nxd4 Nf6 5. Nxc6 bxc6 6. Nd2 d5 7. exd5 cxd5 8. Bb5+ Bd7 9. Bxd7+ Qxd7 10. 0-0 Be7 11. b3 0-0 12. Bb2 Rfe8 13. Qf3 Qg4 14. Rad1 Qxf3 15. Nxf3 c6 16. Nd4 Rac8 17. Nf5 Bc5 18. Bxf6 gxf6 19. Rfe1 Re5 20. g4 Rce8 21. Kf1 Kf8 22. h3 Bb4 23. Re3 Rxe3 24. fxe3 Re5 25. c4 h5 26. cxd5 cxd5 27. Ke2 hxg4 28. hxg4 Ke8 29. Kf3 Kd7 30. Rh1 a5 31. Rh7 Ke8 32. Rh8+ Kd7 33. Ra8 Kc6 34. Ra7 Re6 35. Rxf7 Bc5 36. Rg7 Kb5 37. Rg6 Ra6 38. g5 a4 39. Rxf6 1-0

[Event "Titled Tuesday intern op 04th Jun Early"]
[Site "Chess.com INT"]
[Date "2024.06.04"]
[Round "3"]
[White "Sadykov, Ramil"]
[Black "Morales, Carlos1"]
[Result "1-0"]
[WhiteElo "2313"]
[BlackElo "2127"]
[PlyCount "127"]
[EventDate "2024.06.04"]
[EventType "swiss (blitz)"]
[EventRounds "11"]
[EventCountry "USA"]
[SourceTitle "EXT 2025"]
[Source "ChessBase"]
[SourceDate "2024.10.14"]
[SourceVersion "1"]
[SourceVersionDate "2024.10.14"]
[SourceQuality "1"]

1. e4 c6 2. Nf3 d5 3. Nc3 Bg4 4. h3 Bxf3 5. Qxf3 e6 6. d4 Bb4 7. Bd2 dxe4 8. Qxe4 Nf6 9. Qd3 Nbd7 10. a3 Bd6 11. Ne4 Nxe4 12. Qxe4 Nf6 13. Qf3 Qb6 14. 0-0-0 Qxd4 15. Bh6 Qe5 16. Rxd6 gxh6 17. Rd2 Rd8 18. Bd3 Ke7 19. Re2 Qg5+ 20. Kb1 h5 21. h4 Qg4 22. Qe3 b6 23. Qe5 Qd4 24. Qc7+ Qd7 25. Qf4 Qd6 26. Qh6 Rhg8 27. g3 c5 28. Rhe1 Qd5 29. b3 Rd6 30. Bc4 Qf5 31. a4 Ng4 32. Qc1 Rgd8 33. Bd3 Rxd3 34. cxd3 Rxd3 35. Qc2 Rxb3+ 36. Ka2 Qxc2+ 37. Rxc2 Rb4 38. Ka3 Nf6 39. Re5 Kd6 40. Rg5 Rg4 41. Rd2+ Ke7 42. Rxg4 hxg4 43. a5 Nd5 44. Ka4 c4 45. Kb5 c3 46. Ra2 Kd6 47. axb6 axb6 48. Kc4 f5 49. h5 Kc6 50. Kb3 b5 51. Ra7 Nf6 52. Rf7 Ne4 53. Rxh7 b4 54. h6 Nc5+ 55. Kc2 Kd5 56. Rc7 Kc4 57. Rxc5+ Kxc5 58. h7 Kc4 59. h8Q b3+ 60. Kd1 Kd3 61. Qd8+ Ke4 62. Ke2 c2 63. Qd3+ Ke5 64. Kd2 1-0